000 00235nam a2200097Ia 4500
008 231212s2000 xx 000 0 und d
041 _aeng
100 _aSedha R.S.
245 _aApplied Electronics
260 _aNew Delhi
_bS. Chand
_c2000
999 _c966909
_d966909